| 000 | 01038cam a2200289 a 4500 | ||
|---|---|---|---|
| 001 | 14567418 | ||
| 005 | 20180119090425.0 | ||
| 008 | 060925s2007 mdua bf 000 0 eng | ||
| 010 | _a 2006031735 | ||
| 020 | _a9780742554139 (pbk. : alk. paper) | ||
| 020 | _a0742554139 (pbk. : alk. paper) | ||
| 035 | _a(OCoLC)ocm71790099 | ||
| 035 | _a(OCoLC)71790099 | ||
| 040 |
_aDLC _cDLC _dBAKER _dBTCTA _dYDXCP _dC#P _dIAK _dUND _dDLC |
||
| 041 | _aeng | ||
| 080 | _a808..0042072 DAV | ||
| 082 | 0 | 0 |
_a808..0042072 DAV _222 |
| 100 | 1 | _a47 | |
| 101 | _aEDU | ||
| 245 | 1 | 4 |
_aThe Rowman & Littlefield guide to writing with sources / _cJames P. Davis. |
| 246 | 3 | _aRowman and Littlefield guide to writing with sources | |
| 246 | 3 | _aGuide to writing with sources | |
| 504 | _aIncludes bibliographical references (p. 65-66). | ||
| 906 |
_a7 _bcbc _corignew _d1 _eecip _f20 _gy-gencatlg |
||
| 942 |
_2ddc _cBK |
||
| 999 |
_c40618 _d40618 |
||